El testamento del adelantado Don Pedro de Alvarado : el hombre y el mito /
Shranjeno v:
| Glavni avtor: | |
|---|---|
| Format: | Knjiga |
| Jezik: | Spanish |
| Izdano: |
San José, C.R. :
PROMESA,
[2007]
|
| Serija: | Historia ;
7 |
| Teme: | |
| Oznake: |
Označite
Brez oznak, prvi označite!
|
MARC
| LEADER | 00000cam a2200000Ia 4500 | ||
|---|---|---|---|
| 001 | 6863761 | ||
| 005 | 20141205060751.0 | ||
| 008 | 080811s2007 cr b 000 0bspa d | ||
| 020 | |a 9789968411257 | ||
| 020 | |a 9968411256 | ||
| 040 | |a PIT |c PIT |d CRU CIICLA | ||
| 082 | |a 92 |b A444g | ||
| 100 | 1 | |a González Villanueva, Gustavo. | |
| 245 | 1 | 3 | |a El testamento del adelantado Don Pedro de Alvarado : |b el hombre y el mito / |c Gustavo González Villanueva |
| 260 | |a San José, C.R. : |b PROMESA, |c [2007] | ||
| 300 | |a 96 páginas | ||
| 490 | 1 | |a Historia ; |v 7 | |
| 504 | |a Incluye referencias bibliográficas (páginas [93]-96). | ||
| 600 | 1 | 4 | |a ALVARADO, PEDRO DE |d 1485?-1541. |
| 651 | 4 | |a AMERICA CENTRAL |x HISTORIA |y HASTA 1821 | |
| 651 | 4 | |a MEXICO |x HISTORIA |y CONQUISTA, 1519-1540. | |
| 942 | |2 ddc |c BK | ||
| 999 | |c 3631 |d 3631 | ||



